TB. OF CHILDREN'S AND YOUNG PEOPLE'S NURSING (Record no. 15211)

MARC details
000 -LEADER
fixed length control field 00296nam a22001337a 4500
003 - CONTROL NUMBER IDENTIFIER
control field SGT
082 ## - DEWEY DECIMAL CLASSIFICATION NUMBER
Classification number 618.92
Item number C110G
100 ## - MAIN ENTRY--PERSONAL NAME
Personal name GLASPER, ALAN
245 ## - TITLE STATEMENT
Title TB. OF CHILDREN'S AND YOUNG PEOPLE'S NURSING
250 ## - EDITION STATEMENT
Edition statement 2ND
260 ## - PUBLICATION, DISTRIBUTION, ETC. (IMPRINT)
Place of publication, distribution, etc UK
Name of publisher, distributor, etc ELSEVIER
Year of Publication 2010
300 ## - PAGE DESCRIPTION
No. of Pages 762
942 ## - ADDED ENTRY ELEMENTS (KOHA)
Source of classification or shelving scheme Dewey Decimal Classification
Koha item type Books
Holdings
Withdrawn status Lost status Source of classification or shelving scheme Damaged status Not for loan Collection code Home library Current library Shelving location Date acquired Vendor Name SGTU Bill Number Total Checkouts Full call number Accession No. (Barcode) Date last seen Bill Date Koha item type
    Dewey Decimal Classification     NURSING SGT Medical Library SGT Medical Library Reference Book 10/02/2018 ABC SGTU 7429   618.92 C110G FN3731 10/02/2018 04/11/2016 Books